书目信息 |
| 题名: |
电子光学
|
|
| 作者: | 赵国骏 主编 | |
| 分册: | ||
| 出版信息: | 北京 国防工业出版社 1985.6 |
|
| 页数: | 266页 | |
| 开本: | 26cm | |
| 丛书名: | ||
| 单 册: | ||
| 中图分类: | O463 | |
| 科图分类: | ||
| 主题词: | 真空电子学 , 电子物理学 | |
| 电子资源: | ||
| ISBN: | ||
| 000 | 00553nam0 2200217 45 | |
| 001 | 0312221749 | |
| 005 | 20040519153041.9 | |
| 010 | @dCNY3.15 | |
| 100 | @a20031222d1985 km y0chiy0120 ea | |
| 101 | @achi | |
| 105 | @a z 000yy | |
| 200 | 1 | @a电子光学@ADian Zi Guang Xue@f赵国骏主编@FZhao Guo Jun Zhu Bian |
| 210 | @a北京@c国防工业出版社@d1985.6 | |
| 215 | @a266页@d26cm | |
| 300 | @a高等学校教材 | |
| 606 | 0 | @a真空电子学 |
| 606 | 0 | @a电子物理学 |
| 690 | @aO463@v3 | |
| 701 | 0 | @a赵国骏@4主编 |
| 801 | @aCN@bTSTCL@c20031222 | |
| 905 | @dO463@e8 | |
| 电子光学/赵国骏主编.-北京:国防工业出版社,1985.6 |
| 266页;26cm |
| 高等学校教材 |
| ISBN :CNY3.15 |
| ● |
| 相关链接 |
|
|
|
|
正题名:电子光学
索取号:O463/8
 
预约/预借
| 序号 | 登录号 | 条形码 | 馆藏地/架位号 | 状态 | 备注 |
| 1 | 0136033 | 001454367 | 第三借阅区/ [索取号:O463/8] | 在馆 | |
| 2 | 0136034 | 001454376 | 第三借阅区/ [索取号:O463/8] | 在馆 | |
| 3 | 0136035 | 001454385 | 第三借阅区/ [索取号:O463/8] | 在馆 | |
| 4 | 0136036 | 001454401 | 第三借阅区/ [索取号:O463/8] | 在馆 | |
| 5 | 0136037 | 202098611 | 第二样本阅览室/ [索取号:O463/8] | 在馆 |